English phonetics and phonology: A practical course. / (Record no. 2865)
[ view plain ]
| 000 -LEADER | |
|---|---|
| fixed length control field | 01038nam a22001697a 4500 |
| 008 - FIXED-LENGTH DATA ELEMENTS--GENERAL INFORMATION | |
| fixed length control field | 140424b xxu||||| |||| 00| 0 eng d |
| 020 ## - INTERNATIONAL STANDARD BOOK NUMBER | |
| International Standard Book Number | 9780521717403 |
| 050 ## - LIBRARY OF CONGRESS CALL NUMBER | |
| Classification number | PE1133.R55 |
| 100 ## - MAIN ENTRY--PERSONAL NAME | |
| Personal name | Roach, Peter. |
| 245 ## - TITLE STATEMENT | |
| Title | English phonetics and phonology: A practical course. / |
| Statement of responsibility, etc. | Peter Roach. |
| 250 ## - EDITION STATEMENT | |
| Edition statement | 4th ed. |
| 260 ## - PUBLICATION, DISTRIBUTION, ETC. | |
| Place of publication, distribution, etc. | New York: |
| Name of publisher, distributor, etc. | Cambridge University Press, |
| Date of publication, distribution, etc. | 2009. |
| 300 ## - PHYSICAL DESCRIPTION | |
| Extent | xii, 231p.: |
| Other physical details | ill.; |
| Dimensions | 25cm. |
| 500 ## - GENERAL NOTE | |
| General note | Includes index. |
| 505 ## - FORMATTED CONTENTS NOTE | |
| Formatted contents note | Contents: Introduction -- The production of speech sounds -- Long vowels, diphthongs -- Voicing and consonants -- Phonemes and symbols -- Fricatives and affricates -- Nasals and other consonants -- The syllable -- Strong and weak syllables -- Stress in simple words -- Complex word stress -- Weak forms -- Problems in phonemic analysis -- Aspects of connected speech -- Intonation 1 -- Intonation 2 -- Intonation 3 -- Functions of intonation 1 -- Functions of intonation 2 -- Varieties of English pronunciation -- Recorded exercises -- Bibliography -- Index. |
| 942 ## - ADDED ENTRY ELEMENTS (KOHA) | |
| Source of classification or shelving scheme | Library of Congress Classification |
| Koha item type | Books |
| Withdrawn status | Lost status | Source of classification or shelving scheme | Damaged status | Not for loan | Home library | Current library | Shelving location | Date acquired | Total Checkouts | Full call number | Barcode | Date last seen | Copy number | Price effective from | Koha item type |
|---|---|---|---|---|---|---|---|---|---|---|---|---|---|---|---|
| Library of Congress Classification | WISCONSIN INTERNATIONAL UNIVERSITY COLLEGE, GHANA - MAIN LIBRARY | WISCONSIN INTERNATIONAL UNIVERSITY COLLEGE, GHANA - MAIN LIBRARY | Reference | 24/04/2014 | PE1133.R55 | 7283/308/13 | 24/04/2014 | 1 | 24/04/2014 | Books | |||||
| Library of Congress Classification | WISCONSIN INTERNATIONAL UNIVERSITY COLLEGE, GHANA - MAIN LIBRARY | WISCONSIN INTERNATIONAL UNIVERSITY COLLEGE, GHANA - MAIN LIBRARY | Reference | 24/04/2014 | PE1133.R551 | 7284/309/13 | 24/04/2014 | 2 | 24/04/2014 | Books |
